00608 2200205 4500001002100000005001700021008004100038035002500079082001200104090001700116245008500133250001100218260006200229300003200291500002700323500001100350650001700361850001200378990001200390YOGYA-0209000000392220150427130059.0 ind  a0010-020900000003922 a621.384 a621.384bRad aThe RADIO amateurs hand bookbthe standard manual of amateur radio communication aCet. 1 aWest hartfard connbThe American Radio Relay Lenguec1936 a380 hlm. :bilus. ;c24 cm. aBibliografi : hlm. 380 aIndeks aRadio Amatir aYOPDYOG a44856-a